A munka és magánélet egyensúlya a családi vállalkozások vonatkozásában

Bibliográfiai részletek
Szerző: Galambos Fanni
További közreműködők: Fekete-Frojimovics Dr. Zsófia
Dokumentumtípus: Diplomadolgozat
Kulcsszavak:családi vállalkozás
családtagok
egyensúlyteremtés
generációváltás
munka-magánélet
Online Access:http://dolgozattar.uni-bge.hu/59453

MARC

LEADER 00000nta a2200000 i 4500
001 dolg59453
005 20260409145058.0
008 260409suuuu hu om 000 hun d
040 |a BGE Dolgozattár Repozitórium  |b hun 
041 |a hu 
100 1 |a Galambos Fanni 
245 1 2 |a A munka és magánélet egyensúlya a családi vállalkozások vonatkozásában  |c Galambos Fanni  |h [elektronikus dokumentum] 
520 3 |a A szakdolgozat a munka és magánélet egyensúlyának kérdéskörét vizsgálja, különös tekintettel a családi vállalkozások kontextusára. A kutatás középpontjában az áll, hogy miként befolyásolja az érzelmi kötődés, a generációváltás és a családi kapcsolatok dinamikája a mindennapi működést és az egyensúly fenntartását. A dolgozat célja annak feltárása, hogy a családi és üzleti szerepek keveredése milyen hatással van a vállalkozások működésére és fenntarthatóságára, milyen stratégiák segíthetnek. E kettős szerepkör számos előnyt és kihívást hordoz magában. A kutatás kvalitatív és kvantitatív módszerekkel – interjúk és kérdőívek révén – vizsgálta a családi vállalkozásban dolgozó személyek tapasztalatait. A vállalkozások tagjainak megélt élményei és konfliktusai lehetővé tették a téma mélyebb megértését. Az eredmények azt mutatják, hogy a siker kulcsa a szerepek világos elkülönítésében és a támogató családi háttérben rejlik. A dolgozat gyakorlati útmutatást nyújt azoknak a családi vállalkozásoknak, amelyek hosszú távú fejlődésre és harmonikus működésre törekednek. 
695 |a családi vállalkozás 
695 |a családtagok 
695 |a egyensúlyteremtés 
695 |a generációváltás 
695 |a munka-magánélet 
700 1 |a Fekete-Frojimovics Dr. Zsófia  |e ths 
856 4 0 |u http://dolgozattar.uni-bge.hu/59453/1/Galambos_Fanni_HLBB3R.pdf  |z Dokumentum-elérés 
856 4 0 |u http://dolgozattar.uni-bge.hu/59453/2/Galambos%20Fanni%20B%C3%ADr%C3%A1lati%20lap_BSc_BA_MSc_MA_2025.pdf  |z Dokumentum-elérés 
856 4 0 |u http://dolgozattar.uni-bge.hu/59453/3/BA%20b%C3%ADr%C3%A1lati%20lap%202025_GalambosF_PED.pdf  |z Dokumentum-elérés